000 00866nam a2200193 i 4500
001 120556
003 ES-MaACL
005 20250829122404.0
007 t|
008 070214s1950 sp r ||||1| spa d
100 1 _aPiulachs Oliva, Pedro (
_d1908-1976)
_992436
245 1 0 _aUlceras de las extremidades inferiores de origen vascular /
_cpor P. Piulachs.
260 _aBarcelona [etc.] :
_bSalvat,
_c1950.
300 _a231 p., 8 lám. :
_bil. ;
_c25 cm.
490 1 _aTrabajo de la Catedra de Patología Quirúrgica de Barcelona y de la Sección de Cirugía del Consejo Superior de Investigaciones Científicas
830 0 0 _aTrabajo de la Cátedra de Patología Quirúrgica de Barcelona y de la Sección de Cirugía del Consejo Superior de Investigaciones Científicas
_9242141
852 _aES-MaACL
_jD-7237
_bR.29088
999 _c120556
_d120556